Fr. Conceicao Rodrigues College of Engineering

C by Dissection (Record no. 31363)

MARC details
000 -LEADER
fixed length control field 00322nam a2200157Ia 4500
082 ## - DEWEY DECIMAL CLASSIFICATION NUMBER
Classification number 5.133
Item number KEL
100 ## - MAIN ENTRY--PERSONAL NAME
Personal name Kelly Al/ Pohl/ Ira
250 ## - EDITION STATEMENT
Edition statement 3
245 ## - TITLE STATEMENT
Title C by Dissection
260 ## - PUBLICATION, DISTRIBUTION, ETC.
Name of publisher, distributor, etc. Addison Wesley Pub
Place of publication, distribution, etc. NONE
Date of publication, distribution, etc. 1996
300 ## - PHYSICAL DESCRIPTION
Extent 687
546 ## - LANGUAGE NOTE
Language note ENGLISH
654 ## - SUBJECT ADDED ENTRY--FACETED TOPICAL TERMS
Focus term computer
942 ## - ADDED ENTRY ELEMENTS (KOHA)
Koha item type BOOK
Holdings
Withdrawn status Lost status Damaged status Not for loan Collection Home library Current library Date acquired Total Checkouts Full call number Barcode Date last seen Price effective from Koha item type
        CRC Fr. Agnel's C.Rodrigues College of Engineering AGNEL TECHNICAL COLLEGE LIBRARY 17/03/2023   5.133 KEL 9833 08/08/2024 17/03/2023 BOOK